Futurism and Futurisms

Gespeichert in:
Bibliographische Detailangaben
1. Verfasser: Hulten, Pontus (Verfasst von)
Format: Buch
Sprache:Englisch
Veröffentlicht: London : Thames and Hudson, 1992
Ausgabe:1. vydanie
Schlagworte:
Tags: Tag hinzufügen
Keine Tags, Fügen Sie das erste Tag hinzu!

MARC

LEADER 00000nam a22000003a 4500
001 stu11528
005 20150617225804.4
008 950502s1992----uk------------------eng-d
040 |a STU  |b slo 
041 0 |a eng 
044 |a uk 
100 1 |a Hulten, Pontus  |4 aut 
245 1 |a Futurism and Futurisms 
250 |a 1. vydanie 
260 |a London :  |b Thames and Hudson,  |c 1992 
300 |a 638 s 
650 7 |a dejiny umenia  |2 stusub 
996 |b 284AU02104  |c A*2481 U  |l AAKNST  |s P  |a 0  |w stu11528_0001